[Event "Blackpool Congress 2013"]
[Site "Blackpool ENG"]
[Date "2013.03.10"]
[Round "5.1"]
[White "Hawkins,Jo"]
[Black "Fernandez,Dan SIN"]
[Result "1-0"]
[WhiteElo "2503"]
[BlackElo "2352"]

1.d4 d5 2.c4 c6 3.Nf3 Nf6 4.Nc3 a6 5.e3 b5 6.b3 Bf5 7.Ne5 b4 8.Na4 Nfd7 9.Bd3 Bxd3
10.Nxd3 e6 11.a3 bxa3 12.O-O Nb6 13.Bxa3 Bxa3 14.Rxa3 Nxa4 15.Rxa4 Qb6 16.Nc5 Nd7
17.Qa1 Nxc5 18.dxc5 Qxc5 19.Qxg7 Ke7 20.Rfa1 Rhb8 21.cxd5 cxd5 22.Rf4 Rf8
23.h3 Qc2 24.Qf6+ Kd7 25.e4 dxe4 26.Qd4+ Kc6 27.Rxe4 Rfd8 28.Qa4+ Kd6 29.Qb4+ Kd7
30.Qb7+ Ke8 31.Rg4 Kf8 32.Qb4+ Ke8 33.Rg8+ Kd7 34.Qb7+ Kd6 35.Rxa6+ Ke5 36.Rxa8 Rd1+
37.Kh2 Qc1 38.Ra5+ Kf6 39.Qf3+  1-0

[Event "Karpos Open 2013"]
[Site "Skopje MKD"]
[Date "2013.03.10"]
[Round "3.13"]
[White "Golod,V"]
[Black "Drazic,S"]
[Result "1/2-1/2"]
[WhiteElo "2564"]
[BlackElo "2459"]

1.d4 c6 2.Nf3 d5 3.c4 a6 4.Nc3 Nf6 5.c5 g6 6.h3 Bg7 7.Bf4 O-O 8.e3 Bf5 9.Qb3 Qc8
10.Be2 Be4 11.Na4 Nbd7 12.Nh4 Nh5 13.Bh2 e5 14.dxe5 Qd8 15.Nf3 Qa5+ 16.Kf1 Bxf3
17.Bxf3 Nxe5 18.Bxh5 gxh5 19.Bxe5 Bxe5 20.h4 Qb5+ 21.Kg1 Kh8 22.Rh3 Rg8 23.Nb6 Rad8
24.Qxb5 axb5 25.a4 b4 26.Rb1 f5 27.Rf3 Rgf8 28.b3 Kg7 29.Kf1 Kf6 30.Rh3 Rg8
31.Rh1 Bc7 32.g3 Ke6 33.a5 Bxb6 34.axb6 Ra8 35.Kg2 Ra5 36.Rhc1 Rga8 37.Rb2 Ra2
38.Rcc2 Rxb2 39.Rxb2 Ra5 40.Rc2 Ra3 41.Rb2 Ke5 42.Kf3 Ra5 43.Rc2 Ra1 44.Rd2 Rb1
45.Rd3 Rb2 46.Kg2 Rc2 47.Rd4 Rxc5 48.Rxb4 Ra5 49.Rf4 Rb5 50.b4 Rxb6 51.f3 h6
52.g4 hxg4 53.fxg4 fxg4 54.Rxg4 Ra6 55.h5 Ra4 56.Kf3 c5 57.Rg6 Rxb4 58.Rxh6 Rb3
59.Rg6 d4 60.h6 Rxe3+ 61.Kg2 Re2+ 62.Kg3 Re1 63.Kg2 Re4 64.Kg3 Re3+ 65.Kg2 Re2+  1/2-1/2

[Event "83rd ch-URU 2013"]
[Site "Montevideo URU"]
[Date "2013.03.12"]
[Round "3.6"]
[White "Cao,Jo"]
[Black "Saralegui,M"]
[Result "1/2-1/2"]
[WhiteElo "2094"]
[BlackElo "2142"]

1.d4 d5 2.c4 c6 3.Nc3 Nf6 4.Nf3 a6 5.e3 b5 6.cxd5 cxd5 7.Bd3 e6 8.Ne5 Bb7
9.O-O Bd6 10.f4 Nbd7 11.a3 Ne4 12.Bd2 Ndf6 13.Rc1 O-O 14.Be1 Nxc3 15.Bxc3 Ne4
16.Qh5 f6 17.Nf3 Qe8 18.Qxe8 Rfxe8 19.Ba5 Rac8  1/2-1/2

[Event "13th European Seniors"]
[Site "Plovdiv BUL"]
[Date "2013.03.14"]
[Round "4"]
[White "Vagner,G"]
[Black "Dragasevic,S"]
[Result "1/2-1/2"]
[WhiteElo "2088"]
[BlackElo "2279"]

1.d4 d5 2.c4 c6 3.Nc3 Nf6 4.Nf3 a6 5.e3 b5 6.cxb5 cxb5 7.Bd3 e6 8.O-O Be7
9.Bd2 Bb7 10.Qc2 Nbd7 11.Rae1 O-O 12.Qb1 g6 13.Rc1 Rc8 14.Ne2 Bd6 15.Rxc8 Qxc8
16.Rc1 Qb8 17.Ng3 Qa8 18.Ba5 Qb8 19.a3 Kg7 20.Nf1 Rc8 21.N1d2 Rxc1+ 22.Qxc1 Qc8
23.Qc2 Qxc2 24.Bxc2 Kf8 25.h3 Ke7 26.Kf1 Ne4 27.Ke2 f5 28.Bb1 Nb8 29.Nb3 Nd7
30.Nbd2 Nb8 31.Nb3 Nd7 32.Nbd2  1/2-1/2

[Event "TCh-CZE Div1 Vychod 2012-13"]
[Site "Czech Republic CZE"]
[Date "2013.03.17"]
[Round "9.8"]
[White "Lys,J"]
[Black "Fuksik,J"]
[Result "1-0"]
[WhiteElo "2158"]
[BlackElo "2169"]

1.d4 d5 2.c4 c6 3.Nc3 Nf6 4.Nf3 a6 5.a4 e6 6.g3 Bb4 7.Bg2 dxc4 8.O-O Nbd7
9.Nd2 O-O 10.Nxc4 Nb6 11.Qb3 a5 12.Rd1 Nxc4 13.Qxc4 Bd7 14.Bg5 h6 15.Bxf6 Qxf6
16.Ne4 Qe7 17.Nc5 Rab8 18.Qb3 Rfd8 19.Nd3 Bd6 20.Qb6 Ra8 21.e4 Be8 22.e5 Bc7
23.Qc5 Qd7 24.Nf4 Ra6 25.Bh3 Bb6 26.Qc4 Qe7 27.Bf1 Raa8 28.b3 Rd7 29.Rd3 Rad8
30.Rad1 Qb4 31.Ne2 c5 32.Qxb4 axb4 33.Bg2 cxd4 34.Rc1 Rc7 35.Rxc7 Bxc7 36.Rxd4 Rxd4
37.Nxd4 Bxe5 38.Nc2 b5 39.a5 Bc7 40.a6 Bb6 41.Nxb4 f6 42.Bc6 Bh5 43.Bxb5 Bd1
44.Bc4 Bf3 45.Bxe6+ Kf8 46.Bd5 Bg4 47.Bb7 Be6 48.Nc6 Bd5 49.Nb8 Be6 50.b4 Ke8
51.Nc6 Bd5 52.Na5 Be6 53.Bf3 Bc8 54.b5 Kd8 55.a7  1-0

[Event "81st ch-St Petersburg w"]
[Site "St Petersburg RUS"]
[Date "2013.03.19"]
[Round "9"]
[White "Andreeva,Y"]
[Black "Klevets,Ksenia"]
[Result "1-0"]
[WhiteElo "2001"]
[BlackElo "1891"]

1.d4 d5 2.Nf3 Nf6 3.c4 c6 4.Nc3 a6 5.cxd5 cxd5 6.Bg5 e6 7.e3 Nc6 8.Rc1 Be7
9.Bd3 O-O 10.O-O Bd7 11.Na4 Nb4 12.Bb1 Bb5 13.Re1 Qa5 14.Nc3 Qb6 15.Ne5 a5
16.a3 Na6 17.Qb3 Nb4 18.axb4 axb4 19.Nxb5 Qxb5 20.Bxf6 Bxf6 21.Rc5 Qe8 22.Rec1 Be7
23.Rc7 Bd6 24.Rxb7 Rc8 25.Rf1 f6 26.Nd3 Qc6 27.Ra7 Qb5 28.f4 Rc4 29.Nf2 Qc6
30.Bd3 Rc1 31.Ra1 Rxf1+ 32.Rxf1 Rc8 33.f5 Bf8 34.fxe6 Qxe6 35.e4 Rd8 36.exd5 Qf7
37.Bc4 Kh8 38.Nh3 Bd6 39.Ng5 Qh5 40.Nf3 Re8 41.Bb5 Rf8 42.Qc4 g5 43.g3 Qh3
44.Qe2 Rb8 45.Bc4 Rc8 46.b3 Ra8 47.Qe6 Qxe6 48.dxe6 Kg7 49.Nd2 Be7 50.Ne4 Kg6
51.g4 Rd8 52.d5 h6 53.d6 Bxd6 54.Nxd6 Rxd6 55.e7  1-0

[Event "3rd HD Bank Cup 2013"]
[Site "Ho Chi Minh City VIE"]
[Date "2013.03.20"]
[Round "3.37"]
[White "Dao Thien Hai"]
[Black "Liu,Hongyan"]
[Result "1-0"]
[WhiteElo "2521"]
[BlackElo "2020"]

1.d4 d5 2.c4 c6 3.Nf3 Nf6 4.Nc3 a6 5.e3 e6 6.b3 Nbd7 7.Be2 Bd6 8.O-O O-O
9.Bb2 b5 10.Qc2 Bb7 11.c5 Bc7 12.b4 e5 13.dxe5 Nxe5 14.e4 dxe4 15.Nxe4 Nxe4
16.Qxe4 f5 17.Qc2 Nxf3+ 18.Bxf3 Qg5 19.Rad1 Qh6 20.Qb3+ Kh8 21.g3 Rad8 22.Rxd8 Bxd8
23.Rd1 Bf6 24.Rd6 Qg5 25.Bxf6 gxf6 26.Bxc6 Bxc6 27.Rxc6 f4 28.Kg2 fxg3 29.hxg3 Qg4
30.a3 h5 31.Qf3 Qg6 32.Qf4 Kg7 33.Rxa6 Qf7 34.Rd6 Ra8 35.c6 Ra7 36.Qd4  1-0

[Event "TCh-AUT 2012-13"]
[Site "St.Veit AUT"]
[Date "2013.03.21"]
[Round "8.3"]
[White "Siebrecht,S"]
[Black "Schneider,Il"]
[Result "1/2-1/2"]
[WhiteElo "2481"]
[BlackElo "2489"]

1.d4 d5 2.c4 c6 3.Nc3 Nf6 4.Nf3 a6 5.c5 Nbd7 6.Bf4 Nh5 7.g3 Nxf4 8.gxf4 a5
9.a3 b6 10.cxb6 e6 11.e3 Ba6 12.Bxa6 Rxa6 13.Na4 Nxb6 14.Rc1 Nd7 15.Qd3 Qa8
16.f5 Be7 17.fxe6 fxe6 18.h4 O-O 19.Ng5 Bxg5 20.hxg5 g6 21.f4 Qb7 22.Rc2 Qb5
23.Qxb5 cxb5 24.Rc7 Rf7 25.Nc5 Nxc5 26.Rxf7 Nd3+ 27.Kd2 Kxf7 28.Kxd3 Kg7
29.Rc1 h5 30.Rc7+ Kg8 31.Rb7 b4 32.axb4 axb4 33.Rxb4 Ra1 34.Rb6 h4 35.Rxe6 Kg7
36.f5 gxf5 37.Rh6 Rh1 38.Ke2 Rh2+ 39.Kf3 Rxb2 40.Rxh4 Kg6 41.Kf4 Rf2+ 42.Ke5 Rf3
43.Kxd5  1/2-1/2

[Event "3rd HD Bank Cup 2013"]
[Site "Ho Chi Minh City VIE"]
[Date "2013.03.22"]
[Round "6.36"]
[White "Ivana Maria,F"]
[Black "Mu Ke"]
[Result "0-1"]
[WhiteElo "2065"]
[BlackElo "2274"]

1.d4 d5 2.Nf3 Nf6 3.c4 c6 4.Nc3 a6 5.a4 e6 6.e3 Nbd7 7.Bd3 Bb4 8.O-O O-O
9.Na2 Bd6 10.b4 e5 11.c5 Bc7 12.Be2 e4 13.Nd2 Re8 14.Bb2 Nf8 15.b5 Ng6 16.bxc6 bxc6
17.Bc3 a5 18.Rb1 Nh4 19.Rb3 g6 20.Bb2 h5 21.h3 Nh7 22.f4 exf3 23.Nxf3 Nxf3+
24.Bxf3 Qg5 25.e4 dxe4 26.Be2 Be6 27.Bc1 Bxb3 28.Qxb3 Qg3 29.Qxg3 Bxg3 30.Bc4 Ra7
31.Be3 Bh4 32.d5 cxd5 33.Bxd5 Bg5 34.Bd4 e3 35.c6 Rae7 36.Nc3 Bh4 37.Ne2 Rd8
38.Bc4 Bf2+ 39.Kh2 Re4 40.Bd3 Rexd4 41.Nxd4 h4 42.Rxf2 exf2 43.g4 Nf8 44.Bf1 Ne6
45.Nxe6 fxe6 46.Kg2 Rc8 47.Bb5 Kf7 48.Kxf2 Kf6 49.Kf3 Ke5 50.Ke3 g5 51.Kd3 Kd5
52.Bc4+ Kd6 53.Bb5 Rf8 54.Ke4 Rf2 55.Kd4 Rf3  0-1

[Event "Norwegian Open 2013"]
[Site "Fagernes NOR"]
[Date "2013.03.24"]
[Round "5"]
[White "Drazic,S"]
[Black "Volkov,Sergey1"]
[Result "1/2-1/2"]
[WhiteElo "2459"]
[BlackElo "2593"]

1.d4 d5 2.c4 c6 3.Nf3 Nf6 4.Nc3 a6 5.g3 dxc4 6.a4 e6 7.Bg2 c5 8.dxc5 Qxd1+
9.Nxd1 Bd7 10.Ne5 Nc6 11.Bxc6 Bxc6 12.Nxc6 bxc6 13.Ne3 c3 14.bxc3 Ne4 15.f3 Nxc5
16.Kd1 Nb3 17.Rb1 Na5 18.Kc2 Bc5 19.Rd1 Ke7 20.Ng4 f6 21.Be3 Bxe3 22.Nxe3 Rab8
23.Rb4 c5 24.Re4 Rhd8 25.Nf5+ Kf7 26.Nd6+ Ke7 27.Nf5+  1/2-1/2

[Event "Norwegian Open 2013"]
[Site "Fagernes NOR"]
[Date "2013.03.24"]
[Round "5"]
[White "Urkedal,F"]
[Black "Astrup,K"]
[Result "1-0"]
[WhiteElo "2470"]
[BlackElo "2256"]

1.d4 d5 2.c4 c6 3.Nc3 Nf6 4.Nf3 a6 5.c5 Nbd7 6.Bf4 Nh5 7.Bd2 Nhf6 8.e3 Qc7
9.Qe2 g6 10.e4 Nxe4 11.Nxe4 dxe4 12.Qxe4 Nf6 13.Qh4 Be6 14.Be2 Bg7 15.O-O h6
16.Bd3 g5 17.Qg3 Qxg3 18.hxg3 O-O 19.Ba5 Rfe8 20.Rfe1 Nd7 21.Rxe6 fxe6 22.Bc4 Nf8
23.Re1 Kf7 24.g4 Red8 25.Bxd8 Rxd8 26.Re4 Ke8 27.Kf1 e5 28.dxe5 Rd1+ 29.Ke2 Rb1
30.b4 a5 31.bxa5 Nd7 32.Bb3 Nxc5 33.Rb4 e6 34.Rxb7 Rb2+ 35.Kd1 Nxb3 36.axb3 Bf8
37.a6 Bc5 38.a7 Bxa7 39.Rxa7 Rxf2 40.Nd4 Rxg2 41.Nxc6 Rxg4 42.Re7+ Kf8 43.Rxe6 h5
44.Rh6 h4 45.e6 Kg7 46.Rh5  1-0

[Event "Norwegian Open 2013"]
[Site "Fagernes NOR"]
[Date "2013.03.24"]
[Round "6"]
[White "Hammer,J"]
[Black "Drazic,S"]
[Result "1-0"]
[WhiteElo "2629"]
[BlackElo "2459"]

1.d4 Nf6 2.c4 c6 3.Nc3 d5 4.Nf3 a6 5.c5 g6 6.Bf4 Bg7 7.h3 O-O 8.e3 Nbd7 9.Bd3 Ne8
10.O-O Nc7 11.b4 Re8 12.Bg5 Nf8 13.Bh4 f6 14.Na4 Be6 15.Nh2 Bf5 16.Bxf5 gxf5
17.Qh5 Ng6 18.Bg3 e6 19.Nb6 Ra7 20.a4 Na8 21.a5 Nxb6 22.axb6 Ra8 23.Bc7 Qd7
24.f4 e5 25.Rf3 exd4 26.exd4 Re4 27.Rd1 Rae8 28.Nf1 Re1 29.Rxe1 Rxe1 30.Kh2 Qf7
31.Ng3 Ne7 32.Qxf7+ Kxf7 33.Ra3 Rd1 34.Bd6 Nc8 35.Nxf5 Rb1 36.Rg3 Bh8 37.Nh6+ Ke6
38.f5+ Kd7 39.Nf7  1-0

[Event "19th Schloss Open"]
[Site "Werther GER"]
[Date "2013.03.24"]
[Round "6.7"]
[White "Hilverda,A"]
[Black "Edel,T"]
[Result "1-0"]
[WhiteElo "2321"]
[BlackElo "2082"]

1.d4 d5 2.c4 c6 3.Nf3 Nf6 4.Nc3 a6 5.e3 Bf5 6.Bd3 Bxd3 7.Qxd3 e6 8.O-O Nbd7
9.e4 dxe4 10.Nxe4 Nxe4 11.Qxe4 Nf6 12.Qe2 Be7 13.Bf4 O-O 14.Rad1 a5 15.Rd3 a4
16.Ne5 Ra5 17.Rfd1 h6 18.Rg3 Kh8 19.Rdd3 Ng8 20.Bd2 Ra8 21.Qh5 Qe8 22.Rxg7 Kxg7
23.Rg3+ Kh7 24.Bxh6 Nxh6 25.Rh3  1-0

[Event "6th Guzinskiego Mem"]
[Site "Lazy POL"]
[Date "2013.03.28"]
[Round "3.2"]
[White "Gralka,J"]
[Black "Suliborski,J"]
[Result "1/2-1/2"]
[WhiteElo "2240"]
[BlackElo "2003"]

1.d4 d5 2.c4 c6 3.Nf3 Nf6 4.Nc3 a6 5.e3 b5 6.b3 g6 7.Bd3 Bg7 8.O-O O-O 9.Bb2 Bf5
10.a4 b4 11.Ne2 Bxd3 12.Qxd3 Ne4 13.cxd5 cxd5 14.Rac1  1/2-1/2

[Event "Paskturneringen Open"]
[Site "Norrkoping SWE"]
[Date "2013.03.30"]
[Round "4"]
[White "Brynell,S"]
[Black "Pohjala,H"]
[Result "0-1"]
[WhiteElo "2485"]
[BlackElo "2319"]

1.d4 d5 2.c4 c6 3.Nf3 Nf6 4.Nc3 a6 5.c5 g6 6.Bf4 Nbd7 7.e3 Nh5 8.Bd3 Bg7
9.O-O Nxf4 10.exf4 O-O 11.Re1 Re8 12.Qd2 f6 13.f5 gxf5 14.Bxf5 e5 15.Ne2 Nf8
16.Ng3 Ng6 17.h3 Bd7 18.Nh2 Qc8 19.Bxd7 Qxd7 20.Ng4 e4 21.Nh5 Rf8 22.Nh6+ Kh8
23.Nxg7 Kxg7 24.g4 Nh4 25.Qf4 Kh8 26.Re3 Rae8 27.Kh1 f5 28.gxf5 Nxf5 29.Nxf5 Rxf5
30.Qh4 Qf7 31.Rg1 Rxf2 32.Reg3 Rf1 33.Qg5 Rxg1+ 34.Rxg1 e3 35.Qg3 e2 36.Kh2 Qf6
37.Re1 Qxd4 38.Qf3 Qe5+ 39.Kg2 Rg8+ 40.Kf2 Qh2+  0-1

[Event "e2e4 Dublin Masters"]
[Site "Dublin IRL"]
[Date "2013.03.31"]
[Round "6"]
[White "Gormally,D"]
[Black "Braun,A"]
[Result "0-1"]
[WhiteElo "2507"]
[BlackElo "2556"]

1.d4 d5 2.c4 c6 3.Nf3 Nf6 4.Nc3 a6 5.a4 e6 6.g3 a5 7.Bg2 Nbd7 8.O-O Bb4 9.Ne5 Nxe5
10.dxe5 Nd7 11.cxd5 cxd5 12.e4 d4 13.Nb5 O-O 14.Qxd4 Nc5 15.Qxd8 Rxd8 16.Bg5 Rd3
17.Rfc1 Bd7 18.Bf1 Rb3 19.Rc2 Nxe4 20.Be3 Bf8 21.Bg2 Rb4 22.Nd6 Nxd6 23.exd6 Rd8
24.Bc5 Rb3 25.Rd2 f6 26.Bd4 Be8 27.Bc3 Rxd6 28.Rxd6 Bxd6 29.Bf1 Kf7 30.Bc4 Rb6
31.Bd4 Rc6 32.b3 Bc5 33.Bc3 b6 34.Kf1 Rd6 35.Ke2 Ke7 36.f3 e5 37.Rc1 h6 38.Be1 Bc6
39.Ba6 Bd5 40.Bc4 Ke6 41.g4 Bxc4+ 42.bxc4 f5 43.h3 e4 44.fxe4 fxe4  0-1

[Event "Pobeskydi Open 2013"]
[Site "Frydek-Mistek CZE"]
[Date "2013.03.31"]
[Round "8"]
[White "Matras,On"]
[Black "Skalicky,T"]
[Result "1-0"]
[WhiteElo "2265"]
[BlackElo "1960"]

1.d4 d5 2.c4 c6 3.Nc3 Nf6 4.Nf3 a6 5.c5 Bf5 6.h3 Nbd7 7.Bf4 e6 8.e3 Be7 9.Be2 Qc8
10.O-O Bd8 11.b4 Bc7 12.g4 Bg6 13.Ne5 Ne4 14.Nxe4 Bxe4 15.f3 Nxe5 16.Bxe5 Bxe5
17.dxe5 Bg6 18.h4 h6 19.Kg2 f6 20.Qd4 O-O 21.f4 Be4+ 22.Kg3 Qc7 23.a4 fxe5
24.Qxe5 Qxe5 25.fxe5 Rxf1 26.Rxf1 Rf8 27.Rxf8+ Kxf8 28.Kf4 g6 29.b5 axb5
30.axb5 Ke7 31.g5 h5 32.Kg3 Kd7 33.Kf2 Kc7 34.Ke1 Bb1 35.Kd2 Be4 36.Kc3 Bb1
37.Kb4 Be4 38.Ka5 Bb1 39.Bf1 Bf5 40.Bg2 Bd3 41.Bh3 d4 42.exd4 Bc4 43.Bg2 Bd3
44.Bf3 Bc2 45.Be2 Be4 46.Bc4 Bf5 47.Bb3 Bg4 48.Bc2 Bf5 49.Bxf5 exf5 50.e6 f4
51.b6+ Kd8 52.d5 f3 53.dxc6 f2 54.e7+  1-0

[Event "17th Neckar Open"]
[Site "Deizisau GER"]
[Date "2013.04.01"]
[Round "8.10"]
[White "Sanikidze,T"]
[Black "Neuman,P"]
[Result "1/2-1/2"]
[WhiteElo "2559"]
[BlackElo "2465"]

1.d4 d5 2.c4 c6 3.Nf3 Nf6 4.Nc3 a6 5.c5 Nbd7 6.g3 g6 7.Bg2 Bg7 8.O-O O-O
9.Qc2 e5 10.dxe5 Ng4 11.Bg5 Qa5 12.e4 Qxc5 13.exd5 Ndxe5 14.Nxe5 Nxe5 15.Qd2 Bf5
16.dxc6 Nxc6 17.Rac1 Qa5 18.Qf4 Nb4 19.Qh4 Nd3 20.Rc2 Nxb2 21.Ne4 Bxe4 22.Bxe4 Rac8
23.Rxc8 Rxc8 24.Bxb7  1/2-1/2

[Event "23rd ch-SLO 2013"]
[Site "Sentjur SLO"]
[Date "2013.04.06"]
[Round "1.3"]
[White "Sebenik,M"]
[Black "Spacapan,Simon"]
[Result "1-0"]
[WhiteElo "2527"]
[BlackElo "1915"]

1.Nf3 d5 2.d4 Nf6 3.c4 c6 4.Nc3 a6 5.e3 b5 6.b3 Bg4 7.Be2 e6 8.h3 Bxf3 9.Bxf3 Be7
10.O-O O-O 11.Qc2 Nbd7 12.Rd1 Qc7 13.e4 dxc4 14.bxc4 e5 15.Ne2 c5 16.d5 Nb6
17.cxb5 axb5 18.Nc3 Ra5 19.a4 bxa4 20.Nxa4 Rfa8 21.Nxb6 Rxa1 22.Nxa8 Rxa8
23.Be3 h6 24.Rc1 Rc8 25.Be2 Nd7 26.Qa4 Bg5 27.Bxg5 hxg5 28.Bg4 Rd8 29.Qc6 Qa7
30.Qd6 Qa3 31.Rd1 Qa4 32.Qc7  1-0

[Event "e2e4 Gatwick Open 2013"]
[Site "Crawley ENG"]
[Date "2013.04.07"]
[Round "4"]
[White "Lock,G"]
[Black "Merry,Alan B"]
[Result "1/2-1/2"]
[WhiteElo "2173"]
[BlackElo "2233"]

1.d4 d5 2.Nf3 Nf6 3.c4 c6 4.Nc3 a6 5.c5 g6 6.Bf4 Bg7 7.e3 O-O 8.h3 b6 9.cxb6 Qxb6
10.Qb3 Nbd7 11.Be2 Bb7 12.O-O Qxb3 13.axb3 c5 14.Na4 cxd4 15.exd4 Rfc8 16.Rfc1 Ne4
17.b4 f6 18.Nc5 Nexc5 19.bxc5 e5 20.Be3 f5 21.dxe5 Nxe5 22.Nxe5 Bxe5 23.Ra4 a5
24.b4 d4 25.Bd2 axb4 26.Rxa8 Bxa8 27.Bxb4 Bd5 28.Bc4 Bxc4 29.Rxc4 Kf7 30.Kf1 Ke6
31.Ke2 Kd5 32.Kd3 h5 33.Ba3 Bf6 34.c6 Rxc6 35.Rxc6 Kxc6 36.Kc4 g5 37.Bc5 d3
38.Be3  1/2-1/2

[Event "TCh-CZE Div1 Zapad 2012-13"]
[Site "Czech Republic CZE"]
[Date "2013.04.07"]
[Round "10.3"]
[White "Blazek,Ji1"]
[Black "Jirka,J"]
[Result "0-1"]
[WhiteElo "2212"]
[BlackElo "2411"]

1.d4 d5 2.c4 c6 3.Nf3 Nf6 4.Nc3 a6 5.c5 Nbd7 6.Bf4 Nh5 7.Bd2 g6 8.Rc1 Bg7
9.b4 O-O 10.g3 Re8 11.Bg2 e5 12.dxe5 Nxe5 13.Nxe5 Rxe5 14.O-O Qe8 15.e3 Nf6
16.Ne2 Ne4 17.Bc3 Nxc3 18.Rxc3 Bg4 19.Rd3 a5 20.a3 axb4 21.axb4 Ra2 22.Rd2 Ra3
23.h3 Bf5 24.Nd4 Be4 25.Qc1 Ra4 26.Rb2 Rh5 27.Qd1 Ra3 28.b5 Bxg2 29.Kxg2 Qe4+
30.Kh2 Rd3 31.Qa4 Bxd4 32.Rb4 Qf5 33.h4 Bxc5 34.Rf4 Qe5 35.Qa8+ Bf8 36.Qxb7 Rf5
37.bxc6 Rc3  0-1

[Event "SuperNationals V"]
[Site "Nasville USA"]
[Date "2013.04.07"]
[Round "7"]
[White "Harmon,L"]
[Black "Shetty,A"]
[Result "0-1"]
[WhiteElo "2340"]
[BlackElo "2320"]

1.d4 d5 2.c4 c6 3.Nc3 Nf6 4.Nf3 a6 5.c5 Bf5 6.Bf4 Nbd7 7.e3 g6 8.Be2 Bg7
9.h3 Be4 10.O-O Bxf3 11.Bxf3 O-O 12.b4 Ne8 13.Qb3 e5 14.dxe5 Nxe5 15.Bxe5 Bxe5
16.Rad1 Bxc3 17.Qxc3 f5 18.a4 Nc7 19.Qb3 Qe7 20.Rc1 Ne6 21.b5 axb5 22.axb5 Ng5
23.Be2 f4 24.exf4 Rxf4 25.bxc6 bxc6 26.Qg3 Raf8 27.Bd3 Qf6 28.Rcd1 Ne6 29.Rc1 Kg7
30.Qe3 Rf7 31.f3 Rh4 32.Rfe1 Nd4 33.Bf1 Rf4 34.Qe5 Rxf3 35.Qxf6+ R3xf6 36.Rb1 Re6
37.Red1 Ne2+ 38.Bxe2 Rxe2 39.Rb6 Rff2 40.Rxc6 Rxg2+ 41.Kh1 Rh2+ 42.Kg1 Reg2+
43.Kf1 Rc2 44.Kg1 Rxh3 45.Rxd5 Ra3 46.Rd1 h5 47.Kh1 Kh6 48.Rc8 Kg5 49.Rc6 Rh3+
50.Kg1 Rg3+ 51.Kh1 Kh4 52.Rcd6 g5 53.R6d2 Rxd2 54.Rxd2 Rc3 55.Rh2+ Kg4 56.Rg2+ Kf5
57.Rf2+ Kg6 58.Kg2 Rxc5 59.Ra2 h4 60.Kh3 Kh5 61.Ra4 g4+ 62.Kg2 Rc2+ 63.Kh1 h3
64.Ra8 Kh4 65.Ra1 Re2 66.Rb1 Re4 67.Rc1 g3 68.Rg1 Kg4 69.Ra1 Rf4 70.Rb1 g2+
71.Kh2 Rf1 72.Rxf1 gxf1=B  0-1

[Event "ch-ISR 2013"]
[Site "Acre ISR"]
[Date "2013.04.13"]
[Round "8.2"]
[White "Mikhalevski,V"]
[Black "Avrukh,B"]
[Result "1/2-1/2"]
[WhiteElo "2530"]
[BlackElo "2572"]

1.d4 d5 2.c4 c6 3.Nf3 Nf6 4.Nc3 a6 5.e3 Bf5 6.Qb3 Ra7 7.a4 e6 8.a5 Nbd7 9.Be2 Bd6
10.O-O h6 11.Bd2 O-O 12.Rfd1 Qe7 13.Be1 Re8 14.Rac1 Ne4 15.Na2 Bg4 16.h3 Bh5
17.Bb4 Ng5 18.Bxd6 Qxd6 19.Qb4 Qc7 20.Nc3 Nxf3+ 21.Bxf3 Bxf3 22.gxf3 dxc4
23.Ne4 b5 24.axb6 Nxb6 25.Qd6 Qxd6 26.Nxd6 Rb8 27.Rd2 a5 28.Nxc4 Nxc4 29.Rxc4 Rab7  1/2-1/2

[Event "2nd Jan Van Leeuwen Memorial"]
[Site "Ghent BEL"]
[Date "2013.04.16"]
[Round "4.1"]
[White "Goormachtigh,J"]
[Black "Van de Wynkele,E"]
[Result "1/2-1/2"]
[WhiteElo "2182"]
[BlackElo "2008"]

1.d4 d5 2.Nf3 c6 3.c4 Nf6 4.Nc3 a6 5.a4 e6 6.g3 Bb4 7.Qb3 a5 8.Bg2 O-O 9.O-O Na6
10.Na2 Bd6 11.c5 Bc7 12.Bf4 Nd7 13.Qc3 f6 14.Bxc7 Qxc7 15.Nd2 e5 16.e3 Re8
17.Nb3 Nab8 18.e4 dxe4 19.Qc4+ Kh8 20.Nc3 f5 21.Qf7 Rf8 22.Qe7 Qd8 23.Qxd8 Rxd8
24.Rad1 Re8 25.g4 g6 26.gxf5 gxf5 27.Bh3 Rf8 28.f3 e3 29.f4 exd4 30.Nxd4 Nxc5
31.Rfe1 b6  1/2-1/2

[Event "ch-LTU 2013"]
[Site "Vilnius LTU"]
[Date "2013.04.20"]
[Round "8.1"]
[White "Sakalauskas,V"]
[Black "Labeckas,K"]
[Result "1-0"]
[WhiteElo "2402"]
[BlackElo "2354"]

1.d4 d5 2.c4 c6 3.Nf3 Nf6 4.Nc3 a6 5.c5 Bg4 6.Ne5 Be6 7.Bf4 g6 8.e3 Bg7 9.h3 Nfd7
10.Nf3 b6 11.cxb6 Qxb6 12.Qd2 O-O 13.Na4 Qa7 14.Rc1 Rc8 15.Ng5 a5 16.Be2 c5
17.Nxe6 fxe6 18.O-O Na6 19.Bb5 Nb6 20.Bxa6 Qxa6 21.Nxc5 Nc4 22.Qe2 Qc6 23.b3 e5
24.Bg3 exd4 25.exd4 Nd6 26.Qe6+ Nf7 27.Qe3 Qf6 28.Ne6 Bh6 29.f4 Nd6 30.Qe5 Ne4
31.Kh2 Qxe5 32.dxe5 Rxc1 33.Rxc1 a4 34.b4 a3 35.b5 Kf7 36.Nd4 Ra4 37.Nc6 Nxg3
38.b6 Bxf4 39.b7 Nf5+ 40.g3 Bxc1 41.b8=Q Rc4 42.e6+ Kg7 43.Qe5+ Kh6 44.Nd8 Re4
45.Nf7+ Kh5 46.Qxd5 Re2+ 47.Kh1 Re1+ 48.Kg2 Re2+ 49.Kf1 Re4 50.Qd1+  1-0

[Event "TCh-HUN 2012-13"]
[Site "Budapest HUN"]
[Date "2013.04.21"]
[Round "9"]
[White "Medve,M"]
[Black "Medvegyne Balogh,E"]
[Result "1-0"]
[WhiteElo "1976"]
[BlackElo "2076"]

1.d4 d5 2.c4 c6 3.Nf3 Nf6 4.Nc3 a6 5.Ne5 e6 6.Bf4 Nbd7 7.e3 Be7 8.Bd3 O-O
9.O-O dxc4 10.Nxc4 c5 11.dxc5 Nxc5 12.Bc2 b5 13.Nd6 b4 14.Na4 Nxa4 15.Nxc8 Rxc8
16.Bxa4 Nd5 17.Bg3 Qa5 18.Bb3 Rfd8 19.Qe2 Nf6 20.Rfd1 Nh5 21.Bc4 Nxg3 22.hxg3 Rxd1+
23.Rxd1 Rc6 24.Rd7 Kf8 25.Qf3 Rxc4 26.Qa8+ Bd8 27.Rxd8+ Ke7 28.Rd1 Qb6 29.Qh8 g6
30.Qxh7 Qc7 31.b3 Rc1 32.Qh4+ Ke8 33.Qd4 Rxd1+ 34.Qxd1 Qc3 35.Kf1 Ke7 36.Ke2 a5
37.Qd2 Qc6 38.f3 Qc7 39.Kf2 Qc5 40.g4 Qc7 41.g5 Qe5 42.f4 Qa1 43.Qc2 Kd6
44.e4 Qd4+ 45.Kf3 e5 46.g3 Kd7 47.Ke2 Kd6 48.Qd3 Kc5 49.Qe3 a4 50.fxe5  1-0

[Event "48th Capablanca Open II 2013"]
[Site "Havana CUB"]
[Date "2013.04.21"]
[Round "1.15"]
[White "Reyes Perez,Guillermo Santiago"]
[Black "Zamora Rosales,N"]
[Result "0-1"]
[WhiteElo "1982"]
[BlackElo "2205"]

1.d4 d5 2.c4 c6 3.Nc3 Nf6 4.Nf3 a6 5.c5 g6 6.Bf4 Nh5 7.e3 Bg7 8.Be2 Nd7 9.O-O O-O
10.Bg5 h6 11.Bh4 g5 12.Nd2 Nhf6 13.Bg3 Ne8 14.Nf3 Nef6 15.Nd2 Ne8 16.Nf3 f5
17.Bd3 e5 18.Bxe5 Nxe5 19.Nxe5 Bxe5 20.dxe5 Qe7 21.Na4 Qxe5 22.Nb6 Rb8 23.Nxc8 Rxc8
24.Qb3 Rc7 25.Rae1 Rcf7 26.Qb4 Ng7 27.Qd4 Qe7 28.b4 Ne6 29.Qe5 Qf6 30.Qxf6 Rxf6
31.a4 a5 32.bxa5 Nxc5 33.Bc2 Ra8 34.f4 g4 35.h3 h5 36.hxg4 hxg4  0-1

[Event "48th Capablanca Open I 2013"]
[Site "Havana CUB"]
[Date "2013.04.21"]
[Round "1.28"]
[White "Ochoa de la Rosa,M"]
[Black "Gongora Reyes,M"]
[Result "1/2-1/2"]
[WhiteElo "2231"]
[BlackElo "2428"]

1.d4 d5 2.c4 c6 3.Nf3 Nf6 4.Nc3 a6 5.a4 e6 6.Bg5 Nbd7 7.e3 Qa5 8.cxd5 exd5
9.Bd3 Bd6 10.O-O O-O 11.Qc2 h6 12.Bh4 Re8 13.Rfe1 Be7 14.e4 dxe4 15.Nxe4 Qd8
16.Rad1 Nxe4 17.Bxe7 Rxe7 18.Rxe4 Rxe4 19.Bxe4 Nf6 20.Ne5 Nxe4 21.Qxe4 Be6
22.b4 a5 23.b5 Bd5 24.Qd3 Qg5 25.f3 f6 26.Ng6 Re8 27.h4 Qg3 28.bxc6 bxc6
29.h5 Qg5 30.Rb1 Qxh5 31.Rb7 Bf7 32.Ne7+ Kh8 33.Qa3 Qh4 34.Qd6 Kh7 35.Qd7 Qg3
36.Qf5+ Kh8 37.Qxa5 Bd5 38.Qc7 Qe1+ 39.Kh2 Qh4+ 40.Kg1 Qxd4+ 41.Kh1 Qa1+
42.Kh2 Qe5+ 43.Qxe5 fxe5 44.Rc7 e4 45.fxe4 Bxe4 46.Nxc6 Rf8 47.Kg1 Rf5 48.Nd8 Ra5
49.Ne6 Rxa4 50.Rxg7 Bf5 51.Re7 Re4  1/2-1/2

[Event "48th Capablanca Open II 2013"]
[Site "Havana CUB"]
[Date "2013.04.23"]
[Round "3.23"]
[White "Shahin,W"]
[Black "Batista,Geo"]
[Result "0-1"]
[WhiteElo "2056"]
[BlackElo "2251"]

1.d4 d5 2.c4 c6 3.Nf3 Nf6 4.Nc3 a6 5.e3 b5 6.b3 Bg4 7.Be2 Bxf3 8.Bxf3 e6
9.O-O Nbd7 10.cxd5 cxd5 11.Qd3 Rc8 12.Bd2 Be7 13.Rfc1 O-O 14.Rc2 Qb6 15.Rac1 Qb7
16.Nb1 b4 17.Be2 Nb8 18.f3 Rfd8 19.Be1 Ne8 20.Bg3 Nd6 21.Qd2 a5 22.Bxd6 Bxd6
23.Qd3 Rxc2 24.Qxc2 Nd7 25.Qc6 Qb8 26.h3 Nf6 27.Nd2 e5 28.dxe5 Bxe5 29.Rc5 Bc3
30.Nb1 d4 31.Qb5 Qg3  0-1

[Event "48th Capablanca Open I 2013"]
[Site "Havana CUB"]
[Date "2013.04.23"]
[Round "3.51"]
[White "Vargas,Ga"]
[Black "Diaz Perez,Michel Alejandro"]
[Result "1/2-1/2"]
[WhiteElo "2056"]
[BlackElo "2276"]

1.d4 d5 2.Nf3 Nf6 3.c4 c6 4.Nc3 a6 5.e3 b5 6.b3 Bg4 7.Be2 e6 8.Bb2 Nbd7 9.h3 Bh5
10.O-O Bd6 11.Ne5 Bxe2 12.Nxe2 Qc7 13.Nxd7 Qxd7 14.cxd5 cxd5 15.Rc1 O-O 16.Qd3 Rfc8
17.Rxc8+ Rxc8 18.Rc1 Rxc1+ 19.Nxc1 Qc6 20.Qc3 Qxc3 21.Bxc3 b4 22.Be1 Kf8
23.Nd3 a5 24.f3 h6 25.g4 Ke7 26.Kg2 Ne8 27.e4 Kd7 28.e5 Be7 29.f4 Nc7 30.Nc1 Nb5
31.Ne2 Na3 32.Kf3 Nc2 33.Bf2 Bd8 34.h4 Kc6 35.f5 Kd7 36.Nf4 Bb6 37.Ne2 Ke7
38.fxe6 fxe6 39.Be3 Kf7 40.h5 Bd8 41.Ng1 Bg5 42.Bxg5 hxg5 43.Nh3 Nxd4+ 44.Ke3 Nb5
45.Nxg5+ Ke7 46.Kd3 Nc3 47.Nf3 Nxa2 48.g5 Nc1+ 49.Kc2 Ne2 50.h6 gxh6 51.gxh6 Kf7
52.Ng5+ Kg6 53.Nxe6 Kxh6 54.Nc7 Kg6 55.Nxd5 Kf5 56.Ne3+ Ke6 57.Kd3 Nc1+ 58.Kc2 Ne2
59.Kd3 Nc1+ 60.Kc2 Nxb3 61.Kxb3 Kxe5 62.Nc2 Kd5 63.Nxb4+ axb4 64.Kxb4  1/2-1/2